• 首页
  • 本馆介绍
  • 公告通知
  • 最新文献
  • 馆藏检索
  • 电子资源
  • 读者导购
  • 参考咨询
  • 我的图书馆
  • 登录
  • 详细信息显示
  • 放入我的书架
  • 预约/预借图书
  • 作者相关作品
  • 分类相关作品
  • 丛书相关作品
  • 出版社相关作品

书目信息

  • 表格格式
  • 工作单格式
  • 卡片格式
题名:
金属材料物理性能检验标准工作手册
    
 
作者: 刘羽辉 编著
分册:  
出版信息: 北京   技术标准出版社  1982.8
页数: 515页
开本: 26cm
丛书名:
单 册:
中图分类: TG115-62
科图分类:
主题词: 金属学 , 物理冶金学
电子资源:
ISBN:
000 00621nam0 2200205 45
001 0312221749
005 20031222170911.1
010    @dCNY5.00
100    @a20031222d1982 km y0chiy0120 ea
101    @achi
105    @a z 000yy
200 1  @a金属材料物理性能检验标准工作手册@AJin Shu Cai Liao Wu Li Xing Neng Jian Yan Biao Zhun Gong Zuo Shou Ce@f刘羽辉编著@FLiu Yu Hui Bian Zhu
210    @a北京@c技术标准出版社@d1982.8
215    @a515页@d26cm
606 0  @a金属学
606 0  @a物理冶金学
690    @aTG115-62@v3
701 0  @a刘羽辉@4编著
801    @aCN@bTSTCL@c20031222
905    @a213230@dTG115-62@e14@b220501@f1
    
    金属材料物理性能检验标准工作手册/刘羽辉编著.-北京:技术标准出版社,1982.8
    515页;26cm
    
    
    ISBN :CNY5.00
    
●
相关链接 在E读中查询图书 在五车中查询图书 在当当中查询图书 在豆瓣中查询图书


正题名:金属材料物理性能检验标准工作手册     索取号:TG115-62/14         预约/预借

序号 登录号 条形码 馆藏地/架位号 状态 备注
1 0220501   000559737   第二样本阅览室/ [索取号:TG115-62/14] 在馆    
唐山师范学院图书馆 欢迎您!
大连网信软件有限公司© 版权所有